Les 10 villes les plus peuplées des Deux-Sèvres (79) - Statistiques

Statistiques générales
  • Ce quiz a été pris 35 fois
  • Le résultat moyen est 6 sur 10
Statistiques - réponses
Population Communes % Correct
60 100 Niort
100%
19 900 Bressuire
91%
10 100 Parthenay
91%
13 900 Thouars
70%
5 800 Melle
64%
7 400 Saint-Maixent-l'École
55%
8 600 Mauléon
48%
7 200 Chauray
45%
5 700 La Crèche
27%
5 500 Nueil-les-Aubiers
21%
Aucun quiz correspondant
Distribution des résultats
% des personnes avec chaque résultat
Percentile par nombre de réponses
Votre historique - résultats
Vous n’avez pas pris ce quiz